00321nam a2200109Ia 4500008004100000082001000041082000800051245008500059245002900144260002900173300000900202231017s9999 xx 000 0 und d a625.8 bGIL 0aAccuracy in mechanistic pavement design consequent upon unbound material testing 0cUniversity of Nottingham bUniversity of Nottingham c30cm